Statistieken voor Willekeurige Aziatische Hoofdstad naar Land

Klik hier om de quiz te nemen!

Algemene statistieken

  • Deze quiz is 920 keer genomen
  • De gemiddelde score is 8 van 10

Antwoordstatistieken

HoofdstadLand% Correct
TokioJapan
99%
New DelhiIndia
96%
JeruzalemIsraël
95%
PekingChina
93%
JakartaIndonesië
92%
KoeweitKoeweit
92%
SingaporeSingapore
92%
AnkaraTurkije
91%
BangkokThailand
90%
SeoelZuid-Korea
90%
TeheranIran
89%
DohaQatar
88%
HanoiVietnam
86%
ManillaFilipijnen
84%
UlaanbaatarMongolië
84%
TaipeiTaiwan
84%
Abu DhabiVerenigde Arabische Emiraten
84%
PyongyangNoord-Korea
82%
KabulAfghanistan
80%
NicosiaCyprus
77%
Kuala LumpurMaleisië
77%
TbilisiGeorgië
76%
BagdadIrak
76%
BakoeAzerbeidzjan
75%
Sri Jayewardenapura KotteSri Lanka
75%
KathmanduNepal
73%
Phnom PenhCambodja
70%
RiyadSaoedi-Arabië
70%
DamascusSyrië
70%
IslamabadPakistan
69%
BeiroetLibanon
68%
JerevanArmenië
67%
DhakaBangladesh
67%
AstanaKazachstan
63%
VientianeLaos
63%
AmmanJordanië
61%
NaypyidawMyanmar
61%
MasqatOman
58%
MaléMaldiven
57%
ThimphuBhutan
55%
SanaaJemen
55%
TasjkentOezbekistan
53%
Bandar Seri BegawanBrunei
52%
BisjkekKirgizië
52%
DiliOost-Timor
49%
DoesjanbeTadzjikistan
47%
ManamahBahrein
46%
AsjchabadTurkmenistan
43%

Scoreverdeling

Percentiel versus Aantal Correcte Antwoorden

Procent van Mensen met Elke Score

Uw Scoregeschiedenis

U heeft deze quiz nog niet genomen